Giáo dục giới tính dành cho tuổi vị thành niên

Nội dung sách gồm các phương pháp có hiệu quả với các vị thành niên; giáo dục gia đình; phương tiện truyền tải giáo dục giới tính.

Na minha lista:
Detalhes bibliográficos
Autor principal: Đào, Xuân Dũng
Formato: Livro
Idioma:Undetermined
Publicado em: Tp. Hồ Chí Minh Tổng hợp Tp. Hồ Chí Minh 2012
Assuntos:
Tags: Adicionar Tag
Sem tags, seja o primeiro a adicionar uma tag!
Thư viện lưu trữ: Trung tâm Học liệu Trường Đại học Cần Thơ
LEADER 00844nam a2200205Ia 4500
001 CTU_181281
008 210402s9999 xx 000 0 und d
020 |c 55000 
082 |a 613.951 
082 |b D513 
100 |a Đào, Xuân Dũng 
245 0 |a Giáo dục giới tính dành cho tuổi vị thành niên 
245 0 |c Đào Xuân Dũng 
260 |a Tp. Hồ Chí Minh 
260 |b Tổng hợp Tp. Hồ Chí Minh 
260 |c 2012 
520 |a Nội dung sách gồm các phương pháp có hiệu quả với các vị thành niên; giáo dục gia đình; phương tiện truyền tải giáo dục giới tính. 
650 |a Sex instruction,Youth education,Giáo dục giới tính 
910 |a Nguyên 
980 |a Trung tâm Học liệu Trường Đại học Cần Thơ